000 00662nam a2200205 a 4500
001 000004250
005 20200929151422.0
008 820929s1942 nyua 000 0aeng
040 _aDO-SdBNP
_bspa
_cBNPHU
082 _a794.1
_bC236i
245 0 4 _aThe immortal games of Capablanca /
_cselección, Fred Reinfeld.
260 _aNew York :
_bHorowitz and Harkness,
_c1942.
300 _aviii, 239 p. :
_bil. ;
_c23 cm.
490 1 _aChess Classics
650 4 _aAjedrez
_912544
700 1 _aReinfeld, Fred,
_d1910-1964,
_eed.
_912561
800 1 _aCapablanca, José Raúl,
_d1888-1942.
_912562
830 0 _aChess Classics.
_912563
910 _acatalogación original
999 _c4064
_d4064